ARRUPE JESUIT UNIVERSITY

CORONAVIRUS -STOP THE SPREAD - CLEAN,DISINFECT,COVER

Elementary particles; (Record no. 122141)

MARC details
000 -LEADER
fixed length control field 00806nam a22002651 4500
001 - CONTROL NUMBER
control field 1533174
003 - CONTROL NUMBER IDENTIFIER
control field ARRUPE
005 - DATE AND TIME OF LATEST TRANSACTION
control field 20150218174517.0
008 - FIXED-LENGTH DATA ELEMENTS--GENERAL INFORMATION
fixed length control field 850225c19611962njua 000 0 eng c
010 ## - LIBRARY OF CONGRESS CONTROL NUMBER
LC control number 60012285 /L/r852
035 ## - SYSTEM CONTROL NUMBER
System control number (OCoLC)ocm00544121
040 ## - CATALOGING SOURCE
Original cataloging agency DLC/ICU
Transcribing agency CGU
050 0# - LIBRARY OF CONGRESS CALL NUMBER
Classification number QC721
Item number .Y273 1962
082 0# - DEWEY DECIMAL CLASSIFICATION NUMBER
Classification number 539.721
300 ## - PHYSICAL DESCRIPTION
Other physical details illus.
Dimensions 23 cm.
100 1# - MAIN ENTRY--PERSONAL NAME
Personal name Yang, Chen Ning,
Dates associated with a name 1922-
9 (RLIN) 15400
245 10 - TITLE STATEMENT
Title Elementary particles;
Remainder of title a short history of some discoveries in atomic physics.
260 ## - PUBLICATION, DISTRIBUTION, ETC. (IMPRINT)
Place of publication, distribution, etc Princeton, N.J.,
Name of publisher, distributor, etc Princeton University Press,
Date of publication, distribution, etc c1962
300 ## - PHYSICAL DESCRIPTION
Extent 68 p.
490 1# - SERIES STATEMENT
Series statement The Vanuxem lectures ;
Volume number/sequential designation 1959
650 #0 - SUBJECT ADDED ENTRY--TOPICAL TERM
Topical term or geographic name as entry element Particles (Nuclear physics)
9 (RLIN) 13723
830 #0 - SERIES ADDED ENTRY--UNIFORM TITLE
Uniform title Vanuxem lectures ;
Volume number/sequential designation 1959.
9 (RLIN) 15401
942 ## - ADDED ENTRY ELEMENTS (KOHA)
Source of classification or shelving scheme Library of Congress Classification
Koha item type Monograph ( Printed materials)
Holdings
Withdrawn status Lost status Source of classification or shelving scheme Damaged status Not for loan Collection code Home library Current library Shelving location Date acquired Total Checkouts Full call number Barcode Date last seen Price effective from Koha item type
    Library of Congress Classification     Main Collection ARRUPE LIBRARY ARRUPE LIBRARY Main Collection 18/02/2015   QC721 .Y273 1962 46500000980 02/07/2019 18/02/2015 Monograph ( Printed materials)

 

Arrupe Library. PO Box MP320 Mt Pleasant, Harare, Zimbabwe
263 242 745411|librarian@aju.ac.zw